The 21st Century Manager (Record no. 96374)

MARC details
000 -LEADER
fixed length control field 00536nam a2200217Ia 4500
005 - DATE AND TIME OF LATEST TRANSACTION
control field 20251122104831.0
008 - FIXED-LENGTH DATA ELEMENTS--GENERAL INFORMATION
fixed length control field 230125s9999 xx 000 0 und d
020 ## - INTERNATIONAL STANDARD BOOK NUMBER
International Standard Book Number 9788175546059
041 ## - LANGUAGE CODE
Language code of text/sound track or separate title eng
082 ## - DEWEY DECIMAL CLASSIFICATION NUMBER
Classification number 158.1
Item number KAM
100 ## - MAIN ENTRY--PERSONAL NAME
Author Kamp DI
245 ## - TITLE STATEMENT
Title The 21st Century Manager
250 ## - EDITION STATEMENT
Edition statement 1st Ed.
260 ## - PUBLICATION, DISTRIBUTION, ETC.
Date of publication, distribution, etc. 2010
Name of publisher, distributor, etc. Kogan Page
Place of publication, distribution, etc. New Delhi
300 ## - PHYSICAL DESCRIPTION
Extent 210p
500 ## - GENERAL NOTE
Keywords Personality Development
650 ## - SUBJECT ADDED ENTRY--TOPICAL TERM
Topical term or geographic name entry element Personality Development
700 ## - ADDED ENTRY--PERSONAL NAME
Personal name Kamp DI
942 ## - ADDED ENTRY ELEMENTS (KOHA)
Koha item type Books
906 ## - LOCAL DATA ELEMENT F, LDF (RLIN)
b 82.6
Holdings
Withdrawn status Lost status Damaged status Not for loan Home library Current library Date acquired Vendor Net Price Bill number Total Checkouts Full call number Barcode Date last seen Actual Price Bill Date Koha item type Original Barcode Total Renewals Date last checked out
        Smt. Hiraben Nanavati Institute of Management & Research for Women Smt. Hiraben Nanavati Institute of Management & Research for Women 29/02/2020 Forward Books 295.00 11222   158.1 KAM B20116 HIMR-BK-20116 25/01/2023 212.40 25/01/2023 Books B20116    
        Smt. Hiraben Nanavati Institute of Management & Research for Women Smt. Hiraben Nanavati Institute of Management & Research for Women 29/02/2020 Forward Books 295.00 11222   158.1 KAM B20117 HIMR-BK-20117 25/01/2023 212.40 25/01/2023 Books B20117    
        Smt. Hiraben Nanavati Institute of Management & Research for Women Smt. Hiraben Nanavati Institute of Management & Research for Women 29/02/2020 Forward Books 295.00 11222   158.1 KAM B20118 HIMR-BK-20118 25/01/2023 212.40 25/01/2023 Books B20118    
        Smt. Hiraben Nanavati Institute of Management & Research for Women Smt. Hiraben Nanavati Institute of Management & Research for Women 29/02/2020 Forward Books 295.00 11222   158.1 KAM B20119 HIMR-BK-20119 25/01/2023 212.40 25/01/2023 Books B20119    
        Smt. Hiraben Nanavati Institute of Management & Research for Women Smt. Hiraben Nanavati Institute of Management & Research for Women 29/02/2020 Forward Books 295.00 11222 1 158.1 KAM B20120 HIMR-BK-20120 30/01/2024 212.40 25/01/2023 Books B20120 1 17/01/2024